[Event "55th Rubinstein Memorial-A 2019"]
[Site "Polanica-Zdroj"]
[Date "2019.08.21"]
[Round "5.8"]
[White "Wisniewski, Michal"]
[Black "Lewtak, Damian"]
[Result "0-1"]
[WhiteElo "2130"]
[BlackElo "2354"]
[Annotator "NA"]
[PlyCount "82"]
[EventDate "2019.08.17"]
[EventType "swiss"]
[EventCountry "POL"]
[SourceTitle "playchess.com"]
[Source "ChessBase"]
[SourceQuality "1"]
[TimeControl "40/5400+30:1800+30"]

1. Nf3 {[%emt 0:00:00]} f5 {[%emt 0:02:55]} 2. d3 {[%emt 0:00:00]} d5 {[%emt 0:05:00]} 3. e4 {[%emt 0:04:10]} dxe4 {[%emt 0:06:08]} 4. dxe4 {[%emt 0:01:51]} Qxd1+ {[%emt 0:00:05]} 5. Kxd1 {[%emt 0:00:02]} fxe4 {[%emt 0:01:02]} 6. Ng5 {[%emt 0:00:03]} Nf6 {[%emt 0:00:19]} 7. Bc4 {[%emt 0:01:12]} Bg4+ {[%emt 0:00:45]} 8. Ke1 {[%emt 0:00:09]} Nc6 {[%emt 0:05:06]} 9. Bf7+ {[%emt 0:04:59]} Kd7 {[%emt 0:01:58]} 10. h3 {[%emt 0:00:29]} Bf5 {[%emt 0:00:09]} 11. g4 {[%emt 0:00:09]} h6 {[%emt 0:01:43]} 12. gxf5 {[%emt 0:01:08]} hxg5 {[%emt 0:00:09]} 13. Be6+ {[%emt 0:00:14]} Ke8 {[%emt 0:02:59]} 14. c3 {[%emt 0:00:42]} g4 {[%emt 0:19:01]} 15. h4 {[%emt 0:00:06]} Nd8 {[%emt 0:02:55]} 16. Bf4 {[%emt 0:09:49]} g6 {[%emt 0:12:06]} 17. Bxc7 {[%emt 0:01:21]} Nxe6 {[%emt 0:02:25]} 18. fxe6 {[%emt 0:00:05]} Rc8 {[%emt 0:00:04]} 19. Bf4 {[%emt 0:02:21]} Bh6 {[%emt 0:02:18]} 20. Bxh6 {[%emt 0:00:44]} Rxh6 {[%emt 0:00:05]} 21. Na3 {[%emt 0:00:27]} Rc5 {[%emt 0:02:44]} 22. Nc2 {[%emt 0:02:27]} Re5 {[%emt 0:04:12]} 23. Nd4 {[%emt 0:00:05]} g5 {[%emt 0:07:35]} 24. h5 {[%emt 0:00:20]} Rxh5 {[%emt 0:00:12]} 25. Rxh5 {[%emt 0:02:30]} Nxh5 {[%emt 0:00:05]} 26. Kd2 {[%emt 0:00:03]} g3 {[%emt 0:06:44]} 27. fxg3 {[%emt 0:00:24]} e3+ {[%emt 0:00:51]} 28. Kd3 {[%emt 0:00:05]} Nxg3 {[%emt 0:00:21]} 29. Nf3 {[%emt 0:03:58]} Rxe6 {[%emt 0:00:23]} 30. Nxg5 {[%emt 0:00:02]} Rg6 {[%emt 0:01:04]} 31. Ne4 {[%emt 0:00:17]} Nf5 {[%emt 0:04:20]} 32. Rf1 {[%emt 0:00:03]} e6 {[%emt 0:00:17]} 33. Rh1 {[%emt 0:00:02]} Rg2 {[%emt 0:01:03]} 34. b4 {[%emt 0:01:49]} Rxa2 {[%emt 0:01:11]} 35. b5 {[%emt 0:01:38]} Kf7 {[%emt 0:01:34]} 36. c4 {[%emt 0:01:30]} b6 {[%emt 0:00:05]} 37. c5 {[%emt 0:02:16]} bxc5 {[%emt 0:00:07]} 38. Nxc5 {[%emt 0:00:10]} Ra3+ {[%emt 0:01:18]} 39. Kc4 {[%emt 0:00:12]} e2 {[%emt 0:00:35]} 40. Nd3 {[%emt 0:00:00]} Ne3+ {[%emt 0:00:00]} 41. Kd4 {[%emt 0:00:22]} Nc2+ {[%emt 0:00:19]} 0-1

[Event "55th Rubinstein Memorial-A 2019"]
[Site "Polanica-Zdroj"]
[Date "2019.08.21"]
[Round "5.9"]
[White "Slomczewski, Michal"]
[Black "Kozak, Antoni"]
[Result "0-1"]
[WhiteElo "2115"]
[BlackElo "2354"]
[Annotator "NA"]
[PlyCount "106"]
[EventDate "2019.08.17"]
[EventType "swiss"]
[EventCountry "POL"]
[SourceTitle "playchess.com"]
[Source "ChessBase"]
[SourceQuality "1"]
[TimeControl "40/5400+30:1800+30"]

1. c4 {[%emt 0:00:10]} b6 {[%emt 0:02:09]} 2. Nc3 {[%emt 0:01:40]} Bb7 {[%emt 0:00:30]} 3. d4 {[%emt 0:01:19]} Nf6 {[%emt 0:00:41]} 4. Nf3 {[%emt 0:01:07]} e6 {[%emt 0:00:08]} 5. a3 {[%emt 0:03:09]} g6 {[%emt 0:08:40]} 6. Qc2 {[%emt 0:08:23]} c5 {[%emt 0:00:06]} 7. dxc5 {[%emt 0:08:48]} bxc5 {[%emt 0:00:17]} 8. e4 {[%emt 0:00:07]} d6 {[%emt 0:00:27]} 9. Bd3 {[%emt 0:00:40]} Nc6 {[%emt 0:01:00]} 10. O-O {[%emt 0:01:12]} Bg7 {[%emt 0:00:05]} 11. Rb1 {[%emt 0:06:22]} a5 {[%emt 0:01:22]} 12. Nb5 {[%emt 0:04:07]} O-O {[%emt 0:00:51]} 13. Bd2 {[%emt 0:02:05]} Qe7 {[%emt 0:03:14]} 14. Bc3 {[%emt 0:00:32]} Nd7 {[%emt 0:03:30]} 15. Bxg7 {[%emt 0:10:49]} Kxg7 {[%emt 0:00:03]} 16. Qc3+ {[%emt 0:00:08]} f6 {[%emt 0:04:40]} 17. Nd2 {[%emt 0:02:06]} g5 {[%emt 0:00:08]} 18. Bc2 {[%emt 0:07:38]} Nde5 {[%emt 0:01:42]} 19. h4 {[%emt 0:04:11]} Ba6 {[%emt 0:05:05]} 20. Rbe1 {[%emt 0:08:41]} Kh8 {[%emt 0:04:03]} 21. hxg5 {[%emt 0:06:40]} fxg5 {[%emt 0:00:06]} 22. Re3 {[%emt 0:01:24]} Bxb5 {[%emt 0:02:19]} 23. cxb5 {[%emt 0:00:13]} Nd4 {[%emt 0:00:04]} 24. a4 {[%emt 0:01:16]} g4 {[%emt 0:00:05]} 25. f4 {[%emt 0:11:22]} gxf3 {[%emt 0:00:16]} 26. Nxf3 {[%emt 0:00:06]} Qf6 {[%emt 0:02:26]} 27. Bd1 {[%emt 0:00:25]} Qg7 {[%emt 0:11:49]} 28. Nxe5 {[%emt 0:03:53]} Rxf1+ {[%emt 0:00:03]} 29. Kxf1 {[%emt 0:00:01]} Qxe5 {[%emt 0:00:02]} 30. Bf3 {[%emt 0:01:03]} Rg8 {[%emt 0:01:34]} 31. Qd2 {[%emt 0:02:12]} Qh2 {[%emt 0:00:21]} 32. Qf2 {[%emt 0:00:31]} Qh1+ {[%emt 0:03:04]} 33. Qg1 {[%emt 0:00:07]} Qh6 {[%emt 0:00:02]} 34. g3 {[%emt 0:02:09]} Nc2 {[%emt 0:03:31]} 35. Re2 {[%emt 0:01:58]} Nd4 {[%emt 0:04:59]} 36. Re3 {[%emt 0:00:11]} d5 {[%emt 0:02:49]} 37. Kg2 {[%emt 0:00:54]} Qf4 {[%emt 0:00:53]} 38. Qf2 {[%emt 0:00:24]} Qg5 {[%emt 0:02:51]} 39. Bd1 {[%emt 0:00:49]} dxe4 {[%emt 0:02:29]} 40. Rxe4 {[%emt 0:00:00]} Nf5 {[%emt 0:00:00]} 41. Rxe6 {[%emt 0:07:23]} Nxg3 {[%emt 0:00:39]} 42. Qe3 {[%emt 0:08:00]} Qxe3 {[%emt 0:02:50]} 43. Rxe3 {[%emt 0:00:05]} Nf5+ {[%emt 0:00:03]} 44. Kf2 {[%emt 0:00:20]} Nxe3 {[%emt 0:00:04]} 45. Kxe3 {[%emt 0:00:03]} Kg7 {[%emt 0:00:03]} 46. Kd2 {[%emt 0:09:03]} Rd8+ {[%emt 0:00:05]} 47. Kc2 {[%emt 0:00:03]} Kf6 {[%emt 0:00:07]} 48. Bf3 {[%emt 0:00:09]} Ke5 {[%emt 0:01:16]} 49. Kc3 {[%emt 0:00:12]} Rd4 {[%emt 0:00:12]} 50. b3 {[%emt 0:01:48]} Kd6 {[%emt 0:00:04]} 51. b6 {[%emt 0:00:51]} Rb4 {[%emt 0:00:04]} 52. b7 {[%emt 0:00:03]} Kc7 {[%emt 0:00:02]} 53. Bd5 {[%emt 0:00:11]} h5 {[%emt 0:00:04] Kd4} 0-1

[Event "55th Rubinstein Memorial-A 2019"]
[Site "Polanica-Zdroj"]
[Date "2019.08.21"]
[Round "5.10"]
[White "Psyk, Radoslaw"]
[Black "Luba, Lukasz"]
[Result "0-1"]
[WhiteElo "2326"]
[BlackElo "2130"]
[Annotator "NA"]
[PlyCount "120"]
[EventDate "2019.08.17"]
[EventType "swiss"]
[EventCountry "POL"]
[SourceTitle "playchess.com"]
[Source "ChessBase"]
[SourceQuality "1"]
[TimeControl "40/5400+30:1800+30"]

1. e4 {[%emt 0:00:00]} d6 {[%emt 0:00:31]} 2. d4 {[%emt 0:00:36]} g6 {[%emt 0:00:16]} 3. Nc3 {[%emt 0:01:22]} Bg7 {[%emt 0:00:12]} 4. Be3 {[%emt 0:00:11]} Nf6 {[%emt 0:02:52]} 5. Qd2 {[%emt 0:01:57]} Nc6 {[%emt 0:05:36]} 6. d5 {[%emt 0:11:15]} Ne5 {[%emt 0:00:25]} 7. h3 {[%emt 0:15:48]} h5 {[%emt 0:06:19]} 8. f4 {[%emt 0:01:56]} Ned7 {[%emt 0:00:02]} 9. Nf3 {[%emt 0:00:28]} Nc5 {[%emt 0:00:32]} 10. Bxc5 {[%emt 0:06:44]} dxc5 {[%emt 0:00:07]} 11. e5 {[%emt 0:00:09]} Ng8 {[%emt 0:03:54]} 12. e6 {[%emt 0:10:28]} fxe6 {[%emt 0:02:57]} 13. Bd3 {[%emt 0:04:34]} Rh6 {[%emt 0:00:07]} 14. O-O-O {[%emt 0:06:41]} exd5 {[%emt 0:05:44]} 15. Nxd5 {[%emt 0:00:54]} Qd6 {[%emt 0:04:00]} 16. Qa5 {[%emt 0:23:50]} b6 {[%emt 0:08:51]} 17. Bb5+ {[%emt 0:00:02]} Kf8 {[%emt 0:04:23]} 18. Qa4 {[%emt 0:00:52]} Bb7 {[%emt 0:02:11]} 19. Ng5 {[%emt 0:04:32]} Bxd5 {[%emt 0:07:56]} 20. Rxd5 {[%emt 0:00:21]} Qxd5 {[%emt 0:01:22]} 21. Bc6 {[%emt 0:00:42]} Qd6 {[%emt 0:05:18]} 22. Bxa8 {[%emt 0:02:31]} Bd4 {[%emt 0:01:04]} 23. Kb1 {[%emt 0:00:39]} b5 {[%emt 0:05:24]} 24. Qb3 {[%emt 0:01:42]} c4 {[%emt 0:02:16]} 25. Qxb5 {[%emt 0:00:29]} Qb6 {[%emt 0:00:07]} 26. Bd5 {[%emt 0:03:11]} Qxb5 {[%emt 0:02:21]} 27. Ne6+ {[%emt 0:00:02]} Kf7 {[%emt 0:00:09]} 28. Nxc7+ {[%emt 0:00:22]} Qxd5 {[%emt 0:00:07]} 29. Nxd5 {[%emt 0:00:01]} Nf6 {[%emt 0:01:48]} 30. Rd1 {[%emt 0:00:27]} Bc5 {[%emt 0:02:57]} 31. Nxf6 {[%emt 0:01:17]} exf6 {[%emt 0:00:41]} 32. Rd7+ {[%emt 0:00:36]} Ke6 {[%emt 0:00:07]} 33. Rc7 {[%emt 0:00:05]} Kd6 {[%emt 0:01:15]} 34. Rg7 {[%emt 0:00:08]} Be3 {[%emt 0:00:18]} 35. b3 {[%emt 0:00:28]} c3 {[%emt 0:01:35]} 36. b4 {[%emt 0:00:24]} h4 {[%emt 0:00:49]} 37. a4 {[%emt 0:00:16]} Kd5 {[%emt 0:00:30]} 38. Rc7 {[%emt 0:00:35]} Bd4 {[%emt 0:00:07]} 39. Ka2 {[%emt 0:00:14]} Ke4 {[%emt 0:01:14]} 40. Kb3 {[%emt 0:00:00]} Kxf4 {[%emt 0:00:00]} 41. Kc4 {[%emt 0:01:09]} Bb6 {[%emt 0:02:36]} 42. Rf7 {[%emt 0:00:09]} g5 {[%emt 0:00:07]} 43. a5 {[%emt 0:00:26]} Bf2 {[%emt 0:00:06]} 44. Kxc3 {[%emt 0:05:08]} Kg3 {[%emt 0:03:32]} 45. Kd3 {[%emt 0:00:06]} Kxg2 {[%emt 0:00:08]} 46. c4 {[%emt 0:00:25]} g4 {[%emt 0:00:06]} 47. Rg7 {[%emt 0:00:05]} Kxh3 {[%emt 0:00:21]} 48. c5 {[%emt 0:00:01]} Rh8 {[%emt 0:00:49]} 49. Rxa7 {[%emt 0:00:35]} Rg8 {[%emt 0:00:26]} 50. Kc4 {[%emt 0:00:34]} g3 {[%emt 0:00:06]} 51. Rd7 {[%emt 0:00:02]} g2 {[%emt 0:01:48]} 52. Rd1 {[%emt 0:00:04]} g1=Q {[%emt 0:00:24]} 53. Rxg1 {[%emt 0:00:02]} Rxg1 {[%emt 0:00:19]} 54. c6 {[%emt 0:04:10]} Rc1+ {[%emt 0:01:14]} 55. Kd5 {[%emt 0:00:23]} Be1 {[%emt 0:00:11]} 56. a6 {[%emt 0:00:19]} Bf2 {[%emt 0:00:05]} 57. Kd6 {[%emt 0:00:46]} Bb6 {[%emt 0:00:08]} 58. Kd7 {[%emt 0:00:18]} Kg4 {[%emt 0:00:18]} 59. b5 {[%emt 0:00:17]} h3 {[%emt 0:00:22]} 60. Kc8 {[%emt 0:00:06]} h2 {[%emt 0:00:26]} 0-1

[Event "55th Rubinstein Memorial-A 2019"]
[Site "Polanica-Zdroj"]
[Date "2019.08.21"]
[Round "5.11"]
[White "Malicka, Maria"]
[Black "Kucza, Karol"]
[Result "0-1"]
[WhiteElo "2062"]
[BlackElo "2296"]
[Annotator "NA"]
[PlyCount "76"]
[EventDate "2019.08.17"]
[EventType "swiss"]
[EventCountry "POL"]
[SourceTitle "playchess.com"]
[Source "ChessBase"]
[SourceQuality "1"]
[TimeControl "40/5400+30:1800+30"]

1. e4 {[%emt 0:00:00]} c5 {[%emt 0:00:00]} 2. Nf3 {[%emt 0:00:00]} d6 {[%emt 0:00:00]} 3. d4 {[%emt 0:00:00]} cxd4 {[%emt 0:00:00]} 4. Nxd4 {[%emt 0:00:00]} Nf6 {[%emt 0:00:01]} 5. Nc3 {[%emt 0:00:00]} Nc6 {[%emt 0:00:07]} 6. Bg5 {[%emt 0:00:00]} e6 {[%emt 0:00:17]} 7. Qd2 {[%emt 0:00:50]} a6 {[%emt 0:00:09]} 8. Nxc6 {[%emt 0:00:34]} bxc6 {[%emt 0:00:08]} 9. O-O-O {[%emt 0:00:08]} Qa5 {[%emt 0:08:42]} 10. Kb1 {[%emt 0:15:38]} Be7 {[%emt 0:06:16]} 11. Bxf6 {[%emt 0:03:34]} gxf6 {[%emt 0:02:28]} 12. Bc4 {[%emt 0:00:42]} Bd7 {[%emt 0:13:36]} 13. f4 {[%emt 0:01:34]} Qb4 {[%emt 0:04:46]} 14. Bb3 {[%emt 0:06:11]} a5 {[%emt 0:00:10]} 15. f5 {[%emt 0:10:51]} Rb8 {[%emt 0:10:05]} 16. Rhe1 {[%emt 0:13:51]} c5 {[%emt 0:05:13]} 17. a3 {[%emt 0:00:18]} Qb7 {[%emt 0:00:28]} 18. Qc1 {[%emt 0:00:33]} Bf8 {[%emt 0:09:10]} 19. Ka1 {[%emt 0:09:58]} c4 {[%emt 0:07:34]} 20. Bxc4 {[%emt 0:05:02]} Bh6 {[%emt 0:00:06]} 21. Qb1 {[%emt 0:00:13]} Bf4 {[%emt 0:03:30]} 22. Qa2 {[%emt 0:00:53]} Ke7 {[%emt 0:01:20]} 23. a4 {[%emt 0:12:38]} Bxh2 {[%emt 0:07:17]} 24. Nb5 {[%emt 0:04:40]} Be5 {[%emt 0:00:12]} 25. c3 {[%emt 0:05:47]} Rhg8 {[%emt 0:05:20]} 26. Re2 {[%emt 0:01:06]} Rg4 {[%emt 0:02:05]} 27. fxe6 {[%emt 0:00:26]} fxe6 {[%emt 0:00:08]} 28. Rh1 {[%emt 0:00:50]} Rh8 {[%emt 0:00:11]} 29. Qb1 {[%emt 0:03:08]} d5 {[%emt 0:01:32]} 30. exd5 {[%emt 0:02:29]} Rxc4 {[%emt 0:02:29]} 31. Rxh7+ Rxh7 {[%emt 0:00:06]} 32. Qxh7+ {[%emt 0:00:07]} Kd8 {[%emt 0:00:22]} 33. Qg8+ {[%emt 0:03:36]} Be8 {[%emt 0:00:18]} 34. dxe6 {[%emt 0:00:47]} Rxa4+ {[%emt 0:00:16]} 35. Na3 {[%emt 0:00:25]} Rxa3+ {[%emt 0:00:49]} 36. bxa3 {[%emt 0:00:20]} Bxc3+ {[%emt 0:00:07]} 37. Ka2 {[%emt 0:00:01]} Qd5+ {[%emt 0:00:09]} 38. Kb1 {[%emt 0:00:03]} Qd1+ {[%emt 0:00:05]} 0-1

[Event "55th Rubinstein Memorial-A 2019"]
[Site "Polanica-Zdroj"]
[Date "2019.08.21"]
[Round "5.12"]
[White "Mis, Mieszko"]
[Black "Praczukowski, Stanislaw"]
[Result "1/2-1/2"]
[WhiteElo "2296"]
[BlackElo "2126"]
[Annotator "NA"]
[PlyCount "187"]
[EventDate "2019.08.17"]
[EventType "swiss"]
[EventCountry "POL"]
[SourceTitle "playchess.com"]
[Source "ChessBase"]
[SourceQuality "1"]
[TimeControl "40/5400+30:1800+30"]

1. d4 {[%emt 0:00:00]} Nf6 {[%emt 0:00:00]} 2. c4 {[%emt 0:00:00]} g6 {[%emt 0:00:00]} 3. Nc3 {[%emt 0:00:48]} d5 {[%emt 0:00:00]} 4. Nf3 {[%emt 0:00:40]} Bg7 {[%emt 0:00:12]} 5. Bg5 {[%emt 0:00:18]} Ne4 {[%emt 0:00:21]} 6. h4 {[%emt 0:00:52]} Nxc3 {[%emt 0:07:43]} 7. bxc3 {[%emt 0:00:47]} O-O {[%emt 0:00:36]} 8. e3 {[%emt 0:04:41]} h6 {[%emt 0:06:40]} 9. Bf4 {[%emt 0:00:16]} c5 {[%emt 0:00:16]} 10. cxd5 {[%emt 0:01:20]} Qxd5 {[%emt 0:01:32]} 11. Be2 {[%emt 0:00:54]} Nc6 {[%emt 0:05:05]} 12. O-O {[%emt 0:02:56]} Bg4 {[%emt 0:05:01]} 13. Rb1 {[%emt 0:22:33]} Rfd8 {[%emt 0:01:57]} 14. Qa4 {[%emt 0:06:01]} a6 {[%emt 0:12:06]} 15. c4 {[%emt 0:07:31]} Qd7 {[%emt 0:02:48]} 16. d5 {[%emt 0:17:48]} Nd4 {[%emt 0:03:21]} 17. Qd1 {[%emt 0:01:43]} Nxe2+ {[%emt 0:00:18]} 18. Qxe2 {[%emt 0:00:02]} b5 {[%emt 0:10:54]} 19. e4 {[%emt 0:03:21]} bxc4 {[%emt 0:02:12]} 20. Qe3 {[%emt 0:05:26]} Bxf3 {[%emt 0:02:03]} 21. Qxf3 {[%emt 0:00:08]} c3 {[%emt 0:02:40]} 22. Qg3 {[%emt 0:02:11]} Qa4 {[%emt 0:02:47]} 23. Rbe1 {[%emt 0:06:32]} c2 {[%emt 0:11:20]} 24. Be5 {[%emt 0:01:33]} c1=Q {[%emt 0:01:53]} 25. Rxc1 {[%emt 0:00:11]} Qxe4 {[%emt 0:00:07]} 26. Bxg7 {[%emt 0:01:24]} Kxg7 {[%emt 0:00:12]} 27. Qc3+ {[%emt 0:01:33]} Qd4 {[%emt 0:00:33]} 28. Qxc5 {[%emt 0:01:25]} Rxd5 {[%emt 0:03:16]} 29. Qxe7 {[%emt 0:00:49]} Rd7 {[%emt 0:00:48]} 30. Qc5 {[%emt 0:02:08]} Qxh4 {[%emt 0:02:41]} 31. Rfd1 {[%emt 0:02:19]} Rad8 {[%emt 0:02:32]} 32. Rxd7 {[%emt 0:00:39]} Rxd7 {[%emt 0:00:07]} 33. Qe5+ {[%emt 0:00:06]} Kh7 {[%emt 0:04:06]} 34. g3 {[%emt 0:01:38]} Qe7 {[%emt 0:02:15]} 35. Qf4 {[%emt 0:03:18]} Qd6 {[%emt 0:01:48]} 36. Qc4 {[%emt 0:01:12]} Qd3 {[%emt 0:01:02]} 37. Qc6 {[%emt 0:01:07]} Rd6 {[%emt 0:01:59]} 38. Qe8 {[%emt 0:01:46]} Rf6 {[%emt 0:00:46]} 39. Qe1 {[%emt 0:00:55]} h5 {[%emt 0:01:21]} 40. Qc3 {[%emt 0:00:00]} Qf5 {[%emt 0:00:00]} 41. Qd4 {[%emt 0:01:40]} Re6 {[%emt 0:09:27]} 42. a3 {[%emt 0:07:52]} Qe5 {[%emt 0:02:15]} 43. Qb4 {[%emt 0:01:58]} Qe4 {[%emt 0:02:36]} 44. Rc7 {[%emt 0:05:11]} Qxb4 {[%emt 0:02:21]} 45. axb4 {[%emt 0:00:01]} Kg7 {[%emt 0:01:23]} 46. Rb7 {[%emt 0:00:04]} Re5 {[%emt 0:00:58]} 47. Rb6 {[%emt 0:00:06]} Rb5 {[%emt 0:00:04]} 48. Rxa6 {[%emt 0:00:06]} Rxb4 {[%emt 0:00:05]} 49. Kg2 {[%emt 0:00:30]} Rb5 {[%emt 0:00:06]} 50. Rc6 {[%emt 0:00:18]} Rf5 {[%emt 0:00:06]} 51. Rd6 {[%emt 0:00:23]} Kh6 {[%emt 0:00:07]} 52. Rd7 {[%emt 0:00:32]} Kg5 {[%emt 0:00:15]} 53. Rd4 {[%emt 0:00:06]} Ra5 {[%emt 0:00:24]} 54. Rc4 {[%emt 0:00:13]} f6 {[%emt 0:00:21]} 55. Rd4 {[%emt 0:00:15]} Ra2 {[%emt 0:00:14]} 56. Rc4 {[%emt 0:00:25]} Re2 {[%emt 0:00:17]} 57. Rd4 {[%emt 0:00:24]} f5 {[%emt 0:00:18]} 58. Kf3 {[%emt 0:00:22]} Re8 {[%emt 0:00:22]} 59. Rc4 {[%emt 0:00:43]} Rh8 {[%emt 0:00:17]} 60. Rh4 {[%emt 0:01:06]} Ra8 {[%emt 0:00:10]} 61. Rc4 {[%emt 0:00:18]} Ra3+ {[%emt 0:00:20]} 62. Kg2 {[%emt 0:00:06]} Ra6 {[%emt 0:00:08]} 63. Rb4 {[%emt 0:01:09]} Kh6 {[%emt 0:00:19]} 64. Rc4 {[%emt 0:01:11]} Rf6 {[%emt 0:00:31]} 65. Kf3 {[%emt 0:01:12]} g5 {[%emt 0:00:42]} 66. Rb4 {[%emt 0:00:58]} Ra6 {[%emt 0:00:29]} 67. Kg2 {[%emt 0:00:31]} Kg6 {[%emt 0:00:07]} 68. Rb8 {[%emt 0:00:25]} g4 {[%emt 0:02:14]} 69. Rc8 {[%emt 0:01:43]} Rf6 {[%emt 0:00:21]} 70. Rc4 {[%emt 0:00:24]} Kg5 {[%emt 0:01:21]} 71. Rc5 {[%emt 0:03:59]} h4 {[%emt 0:00:41]} 72. gxh4+ {[%emt 0:01:17]} Kxh4 {[%emt 0:00:08]} 73. Rc8 {[%emt 0:00:34]} Ra6 {[%emt 0:00:22]} 74. Rg8 {[%emt 0:01:07]} Rb6 {[%emt 0:00:46]} 75. Rf8 {[%emt 0:00:40]} Kg5 {[%emt 0:00:10]} 76. Rg8+ {[%emt 0:00:03]} Kf4 {[%emt 0:00:08]} 77. Rc8 {[%emt 0:00:26]} Rb2 {[%emt 0:00:09]} 78. Rc4+ {[%emt 0:00:42]} Kg5 {[%emt 0:00:07]} 79. Rc5 {[%emt 0:00:05]} Rb3 {[%emt 0:00:16]} 80. Ra5 {[%emt 0:00:43]} Rf3 {[%emt 0:00:08]} 81. Rb5 {[%emt 0:00:18]} Kh4 {[%emt 0:00:24]} 82. Rb8 {[%emt 0:00:26]} Ra3 {[%emt 0:01:10]} 83. Rg8 {[%emt 0:00:30]} Ra2 {[%emt 0:00:52]} 84. Rf8 {[%emt 0:00:52]} Kg5 {[%emt 0:00:07]} 85. Rb8 {[%emt 0:00:32]} f4 {[%emt 0:01:41]} 86. Rg8+ {[%emt 0:00:13]} Kf5 {[%emt 0:00:07]} 87. Rf8+ {[%emt 0:00:03]} Ke4 {[%emt 0:00:07]} 88. Re8+ {[%emt 0:00:04]} Kd3 {[%emt 0:01:58]} 89. Rd8+ {[%emt 0:00:22]} Ke2 {[%emt 0:01:57]} 90. Re8+ {[%emt 0:00:04]} Kd1 {[%emt 0:00:40]} 91. Re4 {[%emt 0:00:28]} g3 {[%emt 0:00:52]} 92. Rxf4 {[%emt 0:00:04]} gxf2 {[%emt 0:00:10]} 93. Rxf2 {[%emt 0:00:09]} Rxf2+ {[%emt 0:00:05]} 94. Kxf2 {[%emt 0:00:05]} 1/2-1/2

[Event "55th Rubinstein Memorial-A 2019"]
[Site "Polanica-Zdroj"]
[Date "2019.08.21"]
[Round "5.13"]
[White "Domanski, Lukasz"]
[Black "Lapaj, Mateusz"]
[Result "1-0"]
[WhiteElo "2058"]
[BlackElo "2233"]
[Annotator "NA"]
[PlyCount "45"]
[EventDate "2019.08.17"]
[EventType "swiss"]
[EventCountry "POL"]
[SourceTitle "playchess.com"]
[Source "ChessBase"]
[SourceQuality "1"]
[TimeControl "40/5400+30:1800+30"]

1. e4 {[%emt 0:00:39]} c5 {[%emt 0:00:00]} 2. Nf3 {[%emt 0:00:40]} Nc6 {[%emt 0:00:00]} 3. Bb5 {[%emt 0:00:05]} g6 {[%emt 0:00:00]} 4. O-O {[%emt 0:00:05]} Bg7 {[%emt 0:00:00]} 5. Re1 {[%emt 0:00:11]} Nf6 {[%emt 0:04:17]} 6. e5 {[%emt 0:00:40]} Nd5 {[%emt 0:00:09]} 7. Nc3 {[%emt 0:00:12]} Nxc3 {[%emt 0:10:56]} 8. dxc3 {[%emt 0:00:57]} O-O {[%emt 0:02:07]} 9. Bg5 {[%emt 0:00:37]} Qc7 {[%emt 0:05:20]} 10. Qd5 {[%emt 0:00:35]} b6 {[%emt 0:06:39]} 11. Rad1 {[%emt 0:00:29]} a6 {[%emt 0:13:35]} 12. Bc4 {[%emt 0:00:36]} Rb8 {[%emt 0:16:46]} 13. Qe4 {[%emt 0:06:53]} Bb7 {[%emt 0:06:56]} 14. Qh4 {[%emt 0:04:29]} Nxe5 {[%emt 0:08:49]} 15. Nxe5 {[%emt 0:02:33]} Bxe5 {[%emt 0:00:11]} 16. Bxe7 {[%emt 0:02:57]} Rfe8 {[%emt 0:02:14]} 17. f4 {[%emt 0:09:57]} Bg7 {[%emt 0:15:43]} 18. Bd6 {[%emt 0:02:11]} Qc6 {[%emt 0:00:27]} 19. Bd5 {[%emt 0:00:51]} Rxe1+ {[%emt 0:04:48]} 20. Qxe1 {[%emt 0:00:32]} Qxd6 {[%emt 0:00:12]} 21. Bxf7+ {[%emt 0:00:23]} Kxf7 {[%emt 0:00:02]} 22. Rxd6 {[%emt 0:00:12]} Bc6 {[%emt 0:00:01]} 23. Qh4 {[%emt 0:08:09]} 1-0

[Event "55th Rubinstein Memorial-A 2019"]
[Site "Polanica-Zdroj"]
[Date "2019.08.21"]
[Round "5.14"]
[White "Siekanski, Janusz"]
[Black "Zych, Marek"]
[Result "0-1"]
[WhiteElo "2263"]
[BlackElo "2061"]
[Annotator "NA"]
[PlyCount "78"]
[EventDate "2019.08.17"]
[EventType "swiss"]
[EventCountry "POL"]
[SourceTitle "playchess.com"]
[Source "ChessBase"]
[SourceQuality "1"]
[TimeControl "40/5400+30:1800+30"]

1. d4 {[%emt 0:00:00]} Nf6 {[%emt 0:00:00]} 2. c4 {[%emt 0:00:00]} g6 {[%emt 0:00:07]} 3. Nc3 {[%emt 0:00:00]} d5 {[%emt 0:00:09]} 4. cxd5 {[%emt 0:00:01]} Nxd5 {[%emt 0:00:11]} 5. e4 {[%emt 0:00:14]} Nxc3 {[%emt 0:00:11]} 6. bxc3 {[%emt 0:00:09]} Bg7 {[%emt 0:00:10]} 7. Be3 {[%emt 0:02:30]} c5 {[%emt 0:01:30]} 8. Qd2 {[%emt 0:00:30]} cxd4 {[%emt 0:04:39]} 9. cxd4 {[%emt 0:00:10]} O-O {[%emt 0:01:37]} 10. Nf3 {[%emt 0:06:11]} Nc6 {[%emt 0:06:05]} 11. Rc1 {[%emt 0:08:31]} Bg4 {[%emt 0:09:00]} 12. d5 {[%emt 0:00:23]} Bxf3 {[%emt 0:00:39]} 13. gxf3 {[%emt 0:00:33]} Ne5 {[%emt 0:00:48]} 14. Be2 {[%emt 0:01:31]} Qd7 {[%emt 0:02:16]} 15. h3 {[%emt 0:17:01]} Rfc8 {[%emt 0:00:47]} 16. f4 {[%emt 0:01:15]} Rxc1+ {[%emt 0:00:10]} 17. Qxc1 {[%emt 0:00:06]} Rc8 {[%emt 0:00:08]} 18. Qa3 {[%emt 0:16:35]} Nc4 {[%emt 0:00:42]} 19. Qxa7 {[%emt 0:01:06]} Nxe3 {[%emt 0:01:04]} 20. Qxe3 {[%emt 0:00:28]} Rc3 {[%emt 0:00:18]} 21. Qd2 {[%emt 0:01:12]} Rxh3 {[%emt 0:05:04]} 22. Rxh3 {[%emt 0:00:21]} Qxh3 {[%emt 0:00:03]} 23. e5 {[%emt 0:00:26]} Qh1+ {[%emt 0:00:35]} 24. Bf1 {[%emt 0:00:02]} Qe4+ {[%emt 0:00:06]} 25. Be2 {[%emt 0:01:25]} Bh6 {[%emt 0:00:40]} 26. d6 {[%emt 0:02:39]} Bxf4 {[%emt 0:00:13]} 27. Qd3 {[%emt 0:00:47]} Qb4+ {[%emt 0:00:53]} 28. Kf1 {[%emt 0:00:39]} exd6 {[%emt 0:00:01]} 29. exd6 {[%emt 0:01:57]} Qxd6 {[%emt 0:00:29]} 30. Qxd6 {[%emt 0:00:11]} Bxd6 {[%emt 0:00:03]} 31. a4 {[%emt 0:01:13]} b6 {[%emt 0:00:28]} 32. Bb5 {[%emt 0:03:33]} Kg7 {[%emt 0:00:37]} 33. Be8 {[%emt 0:04:14]} f5 {[%emt 0:00:13]} 34. Kg2 {[%emt 0:03:53]} g5 {[%emt 0:00:24]} 35. f3 {[%emt 0:00:46]} Kf6 {[%emt 0:00:06]} 36. Bh5 {[%emt 0:06:09]} Ke5 {[%emt 0:00:28]} 37. Bf7 {[%emt 0:00:11]} Kf4 {[%emt 0:00:12]} 38. Bh5 {[%emt 0:00:14]} g4 {[%emt 0:00:14]} 39. Bf7 {[%emt 0:00:07]} Kg5 {[%emt 0:00:03]} 0-1